000 00447nam a2200181Ia 4500
001 21014
005 20260306172848.0
008 260306t2006||||xx |||||||||||||| ||spa||
041 _aESP
082 _a343.91
_bS68
100 _aSorace, Domenico
_eAUT
245 0 _aEstado y servicios públicos:
_bla perspectiva Europea
260 _c2006
300 _a89 páginas :
_c21 cm.
650 _aGEN
654 _aCDE
942 _cLIB
_dJUS
_fJUS
_2ddc
_n
999 _c21014
_d21014